000
00301nam a2200109Ia 4500
005
20260328104311.0
008
260328s9999||||xx |||||||||||||| ||und||
100
_a
Mora, Mónica
245
0
_a
Panamá Cosmopolita :
_b
la exposicion de 1916 y su legado /
_c
Mónica Mora
650
_a
PANAMÁ
942
_c
BK
999
_c
10964
_d
10964